000 00625nam a2200217Ii 4500
003 JO-AjNU
008 230606s9999||||xx |||||||||||||| ||und||
020 _a0-13-188136-1
040 _aJO-AjNU
_beng
_erda
_cJO-AjNU
041 _aeng
050 1 4 _aTK7888.D5.T62 1991
100 3 _aMoss,Gregory ect,
_eauthor
_9967
245 0 0 _aDigital systems Principles and Applications
250 _a10 ed
264 3 1 _aNew Delhi:Tata Mcgraw hill,2004
300 _a684p
336 _atext
_btxt
_2rdacontent
337 _aunmediated
_bn
_2rdamedia
338 _avolume
_bnc
_2rdacarrier
650 4 _aDigital systems Principles
_9968
999 _aE509
_c509
_d509